[Event "POL-ch U12"]
[Site "Uniejow"]
[Date "2021.07.25"]
[Round "9"]
[White "Durzynski, Jan"]
[Black "Nocek, Dominik"]
[Result "1/2-1/2"]
[WhiteElo "1228"]
[BlackElo "1322"]
[PlyCount "83"]
[EventDate "2021.07.18"]
[EventType "swiss"]
[EventRounds "9"]
[EventCountry "POL"]
[SourceTitle "EXT 2022"]
[Source "ChessBase"]
[SourceDate "2021.10.06"]
[SourceVersion "1"]
[SourceVersionDate "2021.10.06"]
[SourceQuality "1"]

1. e4 e5 2. Nf3 Nc6 3. Bb5 a6 4. Ba4 Nf6 5. 0-0 Be7 6. Re1 b5 7. Bb3 d6 8. h3 Na5 9. c3 Nxb3 10. axb3 c5 11. d4 Qc7 12. d5 0-0 13. c4 Bd7 14. Bg5 b4 15. Nbd2 Qd8 16. Bxf6 Bxf6 17. Nf1 g6 18. Ne3 Bg7 19. Nh2 Qg5 20. Nf3 Qe7 21. g4 f5 22. Kf1 fxe4 23. Ng1 Qh4 24. Qc2 h5 25. Ng2 Qg5 26. gxh5 Qxh5 27. Qxe4 Bxh3 28. Nxh3 Qxh3 29. Kg1 Qxb3 30. Re2 Rf5 31. Qg4 Rf6 32. Ne1 Rf4 33. Qe6+ Kh8 34. Re3 Qxc4 35. Ng2 Rf5 36. Qxg6 Rf6 37. Rh3+ Kg8 38. Qh7+ Kf8 39. Rg3 Ra7 40. Ne3 Qf4 41. Ng4 Rff7 42. Qh4 1/2-1/2

[Event "POL-ch U12"]
[Site "Uniejow"]
[Date "2021.07.22"]
[Round "5"]
[White "Olszewski, Antoni"]
[Black "Durzynski, Jan"]
[Result "1-0"]
[WhiteElo "1410"]
[BlackElo "1228"]
[PlyCount "137"]
[EventDate "2021.07.18"]
[EventType "swiss"]
[EventRounds "9"]
[EventCountry "POL"]
[SourceTitle "EXT 2022"]
[Source "ChessBase"]
[SourceDate "2021.10.06"]
[SourceVersion "1"]
[SourceVersionDate "2021.10.06"]
[SourceQuality "1"]

1. e4 c5 2. Nf3 e6 3. d4 cxd4 4. Nxd4 a6 5. Bd3 Nf6 6. c4 Be7 7. Nc3 d6 8. 0-0 0-0 9. Qe2 b6 10. f4 Bb7 11. Be3 Nbd7 12. b4 Rc8 13. Rac1 Rc7 14. g4 e5 15. Nf5 exf4 16. Rxf4 g6 17. Nxe7+ Qxe7 18. Rcf1 Ne8 19. Bd4 Ng7 20. Nd5 Bxd5 21. cxd5 b5 22. Bf6 Nxf6 23. Rxf6 Ne8 24. R6f2 Qg5 25. h3 Ng7 26. a4 bxa4 27. Bxa6 Qe5 28. Kg2 Re8 29. Bd3 a3 30. Bb1 Rc3 31. Rf3 Rb8 32. Qf2 Rb7 33. Rxf7 Rg3+ 34. Qxg3 Qxg3+ 35. Kxg3 Rxf7 36. Rxf7 Kxf7 37. Kf4 Ne8 38. e5 Nc7 39. e6+ Kf6 40. g5+ Ke7 41. Ke4 Kd8 42. Kd4 Kc8 43. Kc4 Kb7 44. Ba2 Kb6 45. Kc3 Kb5 46. Bc4+ Ka4 47. b5 Ka5 48. Kb3 Kb6 49. Kxa3 Ne8 50. Kb4 Ng7 51. Bd3 Ne8 52. h4 Ng7 53. Bc2 Ne8 54. h5 gxh5 55. Bxh7 h4 56. Bf5 Nc7 57. Kc4 Ne8 58. e7 Kc7 59. b6+ Kxb6 60. Bd7 h3 61. Bxh3 Kc7 62. Kd4 Ng7 63. Ke4 Ne8 64. g6 Ng7 65. Kf4 Kb6 66. Bd7 Kc5 67. e8Q Kxd5 68. Qe4+ Kc5 69. Qe3+ 1-0

[Event "POL-ch U12"]
[Site "Uniejow"]
[Date "2021.07.19"]
[Round "1"]
[White "Durzynski, Jan"]
[Black "Rosa, Antoni"]
[Result "0-1"]
[WhiteElo "1228"]
[BlackElo "1480"]
[PlyCount "120"]
[EventDate "2021.07.18"]
[EventType "swiss"]
[EventRounds "9"]
[EventCountry "POL"]
[SourceTitle "EXT 2022"]
[Source "ChessBase"]
[SourceDate "2021.10.06"]
[SourceVersion "1"]
[SourceVersionDate "2021.10.06"]
[SourceQuality "1"]

1. d4 d5 2. c4 e6 3. Nc3 Nf6 4. Nf3 Be7 5. Bf4 0-0 6. e3 b6 7. Bd3 Bb7 8. 0-0 c5 9. cxd5 Nxd5 10. Nxd5 Bxd5 11. e4 Bb7 12. dxc5 Bxc5 13. Qe2 Nc6 14. Rfd1 Qe7 15. a3 e5 16. Be3 Bxe3 17. Qxe3 Rad8 18. Rd2 Nd4 19. Nxd4 Rxd4 20. Rad1 Rfd8 21. Bc2 Qc5 22. Rxd4 exd4 23. Qe2 g6 24. h3 b5 25. Bd3 b4 26. a4 Rc8 27. b3 Qe5 28. f3 Rc3 29. Bc4 Bc8 30. Kf1 Qh2 31. Qf2 Re3 32. Be2 Qh1+ 33. Qg1 Qxg1+ 34. Kxg1 Rxe2 35. Rxd4 Be6 36. Rxb4 Rb2 37. Rb8+ Kg7 38. Ra8 Rxb3 39. Rxa7 Ra3 40. Kf2 Bc4 41. Kg3 Ra2 42. f4 Bf1 43. e5 Bc4 44. h4 Bd5 45. a5 Rxg2+ 46. Kh3 Rf2 47. a6 Ra2 48. Kg3 h6 49. Kh3 Bc4 50. Rc7 Be6+ 51. Kg3 Rxa6 52. h5 Ra3+ 53. Kf2 gxh5 54. Rc1 h4 55. Rg1+ Kh7 56. Rh1 h3 57. Rd1 h2 58. Rh1 Bd5 59. Rxh2 Ra2+ 60. Kg3 Rxh2 0-1

[Event "POL-ch U20"]
[Site "Pokrzywna"]
[Date "2020.12.01"]
[Round "3"]
[White "Durzynski, Jan"]
[Black "Karut, Kacper"]
[Result "0-1"]
[WhiteElo "1266"]
[BlackElo "1607"]
[PlyCount "88"]
[EventDate "2020.11.30"]
[EventType "swiss"]
[EventRounds "9"]
[EventCountry "POL"]
[SourceTitle "CBM 199 Extra"]
[Source "ChessBase"]
[SourceDate "2021.01.31"]
[SourceVersion "1"]
[SourceVersionDate "2021.01.31"]
[SourceQuality "1"]

1. e4 c5 2. Nf3 d6 3. d4 cxd4 4. Nxd4 Nf6 5. Bd3 Nc6 6. Be3 Ng4 7. Nxc6 bxc6 8. Bf4 Qb6 9. 0-0 Qxb2 10. Nd2 g6 11. Nc4 Qf6 12. Qd2 Bg7 13. h3 Ne5 14. Bxe5 dxe5 15. Qa5 0-0 16. Nb6 axb6 17. Qxa8 Bxh3 18. Qxf8+ Bxf8 19. gxh3 e6 20. a4 Qg5+ 21. Kh1 Qh4 22. Kg2 f5 23. Rae1 f4 24. Be2 Bc5 25. Bg4 Kf7 26. Bf3 h5 27. Re2 Qd8 28. c3 Kg7 29. Ra2 Qd3 30. Rc1 Qc4 31. Raa1 Qd3 32. Ra2 Kh6 33. Raa1 Qd2 34. Rf1 Qxc3 35. Rac1 Qb4 36. Ra1 Bd4 37. Rac1 Qxa4 38. Be2 c5 39. Bf3 b5 40. Rb1 b4 41. h4 c4 42. Rfc1 Qa2 43. Rf1 b3 44. Rbc1 b2 0-1

[Event "Wloclawek CC Classic 22nd"]
[Site "Wloclawek"]
[Date "2019.??.??"]
[Round "6"]
[White "Durzynski, Jan"]
[Black "Lapinski, Jerzy"]
[Result "1-0"]
[WhiteElo "1001"]
[BlackElo "1269"]
[PlyCount "65"]
[EventDate "2019.04.??"]
[EventType "swiss"]
[EventRounds "7"]
[EventCountry "POL"]
[SourceTitle "EXT 2021"]
[Source "ChessBase"]
[SourceDate "2020.10.23"]
[SourceVersion "1"]
[SourceVersionDate "2020.10.23"]
[SourceQuality "1"]

1. e4 c6 2. d4 d5 3. Nc3 dxe4 4. Nxe4 Bf5 5. Ng3 Bg6 6. Nf3 h6 7. Bd3 Bxd3 8. Qxd3 e6 9. Bf4 Bd6 10. Bxd6 Qxd6 11. 0-0 Nf6 12. Rfe1 0-0 13. c4 Nbd7 14. Rad1 Rad8 15. Nd2 Qc7 16. Nde4 c5 17. d5 exd5 18. cxd5 Ne5 19. Qb3 c4 20. Qb5 Nd3 21. d6 Qc8 22. Nxf6+ gxf6 23. Re4 Rxd6 24. Rxc4 Qe6 25. Rc3 Ne5 26. Rxd6 Qxd6 27. Qxb7 Qd1+ 28. Nf1 Kh8 29. Qe7 Kg7 30. Rg3+ Ng6 31. Rxg6+ Kxg6 32. Qxf8 Qd5 33. Qg8+ 1-0